Fußballverein bei Abkürzung - Statistiken

Allgemein
  • Dieses Quiz wurde 994 mal gespielt
    303 seit der letzten Aktualisierung
  • Das Durchschnittsergebnis liegt bei 18 aus 20
Antwortstatistiken
Abkürzung Verein % Korrekt
1. FCK 1. FC Kaiserslautern/1. FC Köln
100%
1. FCN 1. FC Nürnberg
100%
S04 FC Schalke 04
100%
BVB Borussia Dortmund
99%
FCA FC Augsburg
98%
FCB FC Bayern München
98%
RBL RB Leipzig
98%
RWE Rot-Weiss Essen/Rot-Weiss Erfurt
98%
SGE Eintracht Frankfurt
97%
BMG Borussia Mönchengladbach
92%
KSC Karlsruher SC
92%
1. FCM FC Magdeburg
90%
1. FCU FC Union Berlin
87%
HSV Hamburger SV
87%
SCP SC Paderborn/SC Preußen Münster
85%
SVE SV Elversberg
84%
1. FCS 1.FC Saarbrücken
80%
SVD SV Darmstadt 98
76%
RWO Rot-Weiss Oberhausen
72%
BTSV Eintracht Braunschweig
71%
Keine übereinstimmenden Quizze gefunden
Verteilung der Resultate
Anzahl Personen mit jedem Resultat
Perzentil nach korrekt beantworteten Fragen
Ihre Resultats-Entwicklung
Sie haben dieses Quiz seit der letzten Aktualisierung nicht gespielt